MDQL
is popping MORE tags! Check the
thread
!
Quizzes
Events
Quiz Creation
Community
Videos
Private Events
Remove Ads
Sign In
Join for FREE
Feedback
Dark Mode
Quiz Categories
Sports
Geography
Music
Movies
Television
Just For Fun
Miscellaneous
History
Literature
Language
Science
Gaming
Entertainment
Religion
Holiday
For Kids
Quiz Lab
Recent
Popular Today
Quiz Kudos Today
Editor Picks
Curator Picks
Quizzes by...
Day
Popularity
Type
Ratings
Length
Year
Community
Subscriptions
Recent Discussions
Orange Saloon
Badges
Playlists
Quests
Create
Leaderboards
Showdown
Live 5
Trivia Bingo
Activity
Puzzle Library
Sporcle Events
Private Events
Virtual Trivia
Globe League
Become a Host
Pub Owners
SporcleCon
Opinionation
Our Games
Videos
Blog
Mobile Apps
Partnerships
Remove Ads and Go Orange
Feedback
Music
Pop Music
The Beatles
Song
Album
Lyrics
Bands
Singers
Artist
Clip
Rock
Rap
Classical
Billboard
Country Music
Kpop
Taylor Swift
Music
Pop Music
The Beatles
Song
Album
Lyrics
Bands
Singers
Artist
Clip
Rock
Rap
Classical
Billboard
Country Music
Kpop
Taylor Swift
Random Quiz
Search Sporcle
×
Quiz Lab
Quiz Lab
Music
Alphabet
Type in answers that appear in a list
Type in answers that appear in a list
Classic
Best Score? Go Orange.
'J' & 'K' UK #1 Albums Stats
Can you name the 'J' & 'K' UK #1 Albums?
By
iamausername
15m
29 Questions
36 Plays
36 Plays
36 Plays
Comments
Comments
Give Quiz Kudos
Give Quiz Kudos
-
- Ratings
hide this ad
Replay
Link that replays current quiz
Next Quiz
Link to next quiz in quiz playlist
You Got
0%
They Got
Avg Score
35%
Avg Friend Score
Upgrade to see
Score Distribution
Jump to the score distribution portion of the page
Score
0/29
Timer
15:00
0
Plays Today
Artist
Album
% Correct
Alanis Morissette
Jagged Little Pill
91.7%
U2
The Joshua Tree
91.7%
Janet Jackson
Janet
75%
Radiohead
Kid A
72.2%
J.L.S.
J.L.S.
63.9%
Kylie Minogue
Kylie - The Album
63.9%
Jane McDonald
Jane McDonald
55.6%
Journey South
Journey South
50%
Elvis Presley
The King
44.4%
The Kids From 'Fame'
The Kids From Fame
41.7%
Bob Dylan
John Wesley Harding
38.9%
Queen
A Kind of Magic
36.1%
Justin Timberlake
Justified
33.3%
Bon Jovi
Keep the Faith
33.3%
Kula Shaker
K
30.6%
Artist
Album
% Correct
Original Soundtrack
The King and I
27.8%
Adam & The Ants
Kings of the Wild Frontier
27.8%
Stereophonics
Just Enough Education to Perform
25%
Rick Wakeman
Journey to the Centre of the Earth
22.2%
Elvis Presley
King Creole
19.4%
The Kooks
Konk
19.4%
Kylie Minogue
Kylie Greatest Hits
16.7%
The Feeling
Join With Us
11.1%
Little Angels
Jam
8.3%
John Lennon
The John Lennon Collection
8.3%
London Stage Cast
Joseph and the Amazing Technicolor Dreamcoat
5.6%
Scooter
Jumping All Over the World
5.6%
Curiosity Killed the Cat
Keep Your Distance
2.8%
Johnny Mathis
The Johnny Mathis Collection
0%
Quiz Playlist
Details
Report
Send in Message
Add To Playlist
Classic:
Type in answers that appear in a list
Last Updated: Feb 16, 2017
Quiz Scoreboard
CHALLENGE
Sign Up to Join the Scoreboard
Show All
Scores
Hide
Comments
May contain spoilers
Recently Published
1-10 Letter E Words III
by El_Dandy
Language
2m
Street Fighter Characters
by Artimus82
Gaming
60s
College Basketball Coaching Resumes
by pancakes188
Sports
9m
More to Explore
Quiz From the Vault
Featured Blog Post
Where Did the Easter Bunny Come From?
hide this ad
You Might Also Like...
Tags
Album Quiz
Alphabet Quiz
Numbers Quiz
A-Z
Alphabetical
UK Album
UK Charts
Today's Top Quizzes in Music
Browse Music
hide this ad
Today's Top Quizzes in Alphabet
Browse Alphabet
Top Contributed Quizzes in Music
1
Taylor Swift All Songs (2024)
2
Taylor Swift Logic Puzzle
3
Guess the Artist- 70s Songs
4
7-to-1: Billboard Hot 100 #1 Hits of 2010s
5
Sorting Albums and Songs
6
KPOP LOGIC QUIZ
7
Billboard Blitz: Aretha Franklin
8
Guess the Taylor Swift song (Mystery Song)
9
Guess The Taylor Swift Lyrics Song #1
10
Billboard Blitz: ABBA
Explore More
Trending Topics
Disney
Kpop
Crossword
Anime
Marvel
NBA
Harry Potter
Pokémon
NFL
Country
The Office
WWE
Soccer
Puzzle
Song
hide this ad
More By:
iamausername
Quiz
Plays
Rating
Category
Featured
Created
English Counties' Largest Towns
15,536
4.46
Geography
Dec 18, 2009
Biggest Littlest Footballing Nations (Sep 2012)
4,987
4.59
Sports
Mar 13, 2012
Pokemon Per Type Pairing
3,296
4.48
Gaming
Apr 7, 2010
FIFA World Cup Qualifiers
2,134
4.10
Sports
Sep 23, 2009
Duplicate City Names
2,003
4.72
Geography
Nov 21, 2010
Go to Creator's Profile
Score Distribution
Quiz Creator Spotlight
iamausername
Follow
Send a Message
Quizzes Created
-
Created Quiz Play Count
-
More By This Creator
Popular Quizzes Today
1
Find the US States - No Outlines Minefield
2
Find the Countries of Europe - No Outlines Minefield
3
The Countries of the World
4
Find the US States
5
Risky Map Clicking: Biggest States A-Z
6
US States
7
Popular People in 1961
8
Movies - When Are They Set?
More Music Quizzes
'I' Taylor Swift Songs
Quiz Lab
Trending Quizzes
Risky Map Clicking: Least Populous States A-Z
Billboard Blitz: Aretha Franklin
1-10 Letter G Words
Countries of the World: 200 Million BC
1-10 Letter F Words
Recently Updated
Leaping Animals
pecheneg
Reality TV Shows (A-Z)
bhenderson79
Rickey Henderson's Hall of Fame Teammates
pecheneg
Champions League XIs: Arsenal
pecheneg
Quick Pick: Celebrities in WWE's Hall of Fame
aduchscher
A-Z Keypad Blitz II
pecheneg
Multiple Oscar Actors
pecheneg
Mystery Phrase Blitz: Oscar 'Best Actors'
pecheneg
F. Scott Fitzgerald Novels
LTH
Pick 3 Villains
ddd62291
Trending Topics
Anime
Kpop
Disney
Marvel
Harry Potter
NBA
Crossword
NFL
Pokémon
The Office
Song
Soccer
Country
Puzzle
WWE
Your Account Isn't Verified!
In order to create a playlist on Sporcle, you need to verify the email address you used during registration. Go to your
Sporcle Settings
to finish the process.
Report this User
Report this user for behavior that violates our
Community Guidelines
.
Details:
Send Report
Go to the Sporcle.com Mobile Site →
Comments